000 00288nam a22001217a 4500
008 160503b xxu||||| |||| 00| 0 eng d
020 _a9781904842316
020 _a1904842313
041 _aeng
080 _a61
245 _aClinical genetics:
_cAndrew Read; Dian Donnai;
942 _2udc
_cBK
999 _c1755
_d1755